Lưu Quang Thuận Thơ và sân khấu

Tác phẩm sưu tập những bài viết về Lưu Quang Thuận của nhiều nhà văn, nhà thơ, nhà nghiên cứu văn học và sân khấu Việt Nam, do Lưu Khánh Thơ là con gái Lưu Quang Thuận tuyển chọn và biên soạn. Các bài viết đều đánh giá cao LQT về nhân cách...

Disgrifiad llawn

Wedi'i Gadw mewn:
Manylion Llyfryddiaeth
Fformat: Llyfr
Iaith:Undetermined
Cyhoeddwyd: Hà Nội Hội nhà văn 1998
Pynciau:
Tagiau: Ychwanegu Tag
Dim Tagiau, Byddwch y cyntaf i dagio'r cofnod hwn!
Thư viện lưu trữ: Trung tâm Học liệu Trường Đại học Cần Thơ
LEADER 01147nam a2200193Ia 4500
001 CTU_27081
008 210402s9999 xx 000 0 und d
020 |b 29.000đ 
082 |a 895.9221 
082 |b Th502 
245 0 |a Lưu Quang Thuận 
245 0 |b Thơ và sân khấu 
260 |a Hà Nội 
260 |b Hội nhà văn 
260 |c 1998 
520 |a Tác phẩm sưu tập những bài viết về Lưu Quang Thuận của nhiều nhà văn, nhà thơ, nhà nghiên cứu văn học và sân khấu Việt Nam, do Lưu Khánh Thơ là con gái Lưu Quang Thuận tuyển chọn và biên soạn. Các bài viết đều đánh giá cao LQT về nhân cách của một nhà văn trong cuộc sống đời thường cũng như trong quan niệm về sáng tác văn học; về những đóng góp của Ông về thơ và đặc biệt là sân khấu chèo. 
650 |a vietnamese poetry - 20th century 
904 |i Nguyễn Quang Điền, 981102 
980 |a Trung tâm Học liệu Trường Đại học Cần Thơ